College Football Gator Bowl Champs - Statistics

General Stats
  • This quiz has been taken 265 times
    35 since last reset
  • The average score is 59 of 81
Answer Stats
Hint Answer % Correct
1954 Dec Auburn
85%
1971 Jan Auburn
85%
1972 Dec Auburn
85%
1974 Dec Auburn
85%
1949 Jan Clemson
85%
1978 Dec Clemson
85%
1986 Dec Clemson
85%
1989 Dec Clemson
85%
2023 Dec Clemson
85%
1953 Jan Florida
85%
1960 Dec Florida
85%
1962 Dec Florida
85%
1969 Dec Florida
85%
1983 Dec Florida
85%
1992 Dec Florida
85%
2012 Jan Florida
85%
1965 Jan Florida State
85%
1982 Dec Florida State
85%
1985 Dec Florida State
85%
2002 Jan Florida State
85%
2005 Jan Florida State
85%
2010 Jan Florida State
85%
1971 Dec Georgia
85%
1989 Jan Georgia
85%
2016 Jan Georgia
85%
1948 Jan ended in Tie Georgia Maryland
85%
1952 Jan Miami
85%
2000 Jan Miami
85%
1958 Dec Mississippi
85%
2025 Jan Mississippi
85%
2011 Jan Mississippi State
85%
2017 Dec Mississippi State
85%
1967 Dec ended in Tie Penn State Florida State
85%
1993 Dec Alabama
77%
1963 Dec North Carolina
77%
1979 Dec North Carolina
77%
1981 Dec North Carolina
77%
1997 Jan North Carolina
77%
1998 Jan North Carolina
77%
1947 Jan Oklahoma
77%
1991 Dec Oklahoma
77%
1961 Dec Penn State
77%
1957 Dec Tennessee
77%
1966 Dec Tennessee
77%
1994 Dec Tennessee
77%
2015 Jan Tennessee
77%
2020 Jan Tennessee
77%
1956 Dec Georgia Tech
69%
1965 Dec Georgia Tech
69%
1999 Jan Georgia Tech
69%
2016 Dec Georgia Tech
69%
2021 Jan Kentucky
69%
2009 Jan Nebraska
69%
2014 Jan Nebraska
69%
2018 Dec Texas AM
69%
1954 Jan Texas Tech
69%
1973 Dec Texas Tech
69%
2008 Jan Texas Tech
69%
2025 Dec Virginia
69%
1960 Jan Arkansas
62%
1987 Dec LSU
62%
1950 Jan Maryland
62%
1975 Dec Maryland
62%
2004 Jan Maryland
62%
1991 Jan Michigan
62%
1968 Dec Missouri
62%
1977 Dec Pittsburgh
62%
1980 Dec Pittsburgh
62%
2001 Jan Virginia Tech
62%
2006 Jan Virginia Tech
62%
1946 Jan Wake Forest
62%
2021 Dec Wake Forest
62%
2007 Jan West Virginia
62%
1976 Dec Notre Dame
54%
2022 Dec Notre Dame
54%
1996 Jan Syracuse
54%
1955 Dec Vanderbilt
54%
2003 Jan NC State
46%
1984 Dec Oklahoma State
46%
2013 Jan Northwestern
38%
1951 Jan Wyoming
15%
No matching quizzes found
Score Distribution
Percent of People with Each Score
Percentile by Number Answered
Your Score History
You have not taken this quiz since the last reset